Países por última letra - Statistics

Estatísticas Gerais
  • Esse quiz foi jogado 272 vezes
  • A pontuação média é 6 de 12
Estatísticas das Respostas
Hint Resposta % Correto
A Albânia / Alemanha / Andorra / Angola / Antígua e Barbuda / Arábia Saudita / Argélia / Argentina / Armênia / Austrália / Áustria / Bielorússia / Bélgica / Bolívia / Bósnia e Herzegovina / Botswana / Bulgária / Camboja / Canadá / República Centro Africana / Chéquia / Colômbia / Costa Rica / Croácia / Cuba / Dinamarca / Dominica / República Dominicana / Eritreia / Eslováquia / Eslovênia / Espanha / Estados Unidos da América / Estônia / Etiópia / Finlândia / França / Gâmbia / Gana / Geórgia / Granada / Grécia / Guatemala / Guiana / Hungria / Índia / Indonésia / Irã / Irlanda / Islândia / Itália / Jamaica / Jordânia / Letônia / Libéria / Líbia / Lituânia / Malásia / Malta / Mauritânia / Estados Federados da Micronésia / Moldávia / Mongólia / Namíbia / Nicarágua / Nigéria / Noruega / Nova Zelândia / Omã / Palestina / Panamá / Polônia / Quênia / Romênia / Ruanda / Rússia / Samoa / Santa Lúcia / Sri Lanka / Serra Leoa / Sérvia / Singapura / Síria / Somália / Suécia / Suíça / Tailândia / Tanzânia / Tonga / Tunísia / Turquia / Ucrânia / Uganda / Venezuela / Vietnã / Zâmbia
99%
L África do Sul / Brasil / Coréia do Sul / Guiné Equatorial / Israel / Nepal / Portugal / Senegal / Sudão do Sul
69%
O Afeganistão / Azerbaijão / Burkina Faso / Butão / Cazaquistão / República do Congo / República Democrática do Congo / Kosovo / Egito / Gabão / Japão / Lesoto / Líbano / Luxemburgo / Maurício / México / Mônaco / Montenegro / Paquistão / Quirguistão / Reino Unido / Ilhas Salomão / Sudão / Tajiquistão / Togo / Trinidad e Tobago / Turcomenistão / Uzbequistão / Vaticano
67%
E Belize / Cabo Verde / Chade / Chile / Chipre / Coréia do Norte / Guiné / Iraque / Macedônia do Norte / Moçambique / Papua Nova Guiné / São Tomé e Príncipe / Suriname / Timor Leste / Zimbabwe
64%
I Brunei / Burundi / Essuatini / Fiji / Haiti / Djibouti / Malawi / Mali / Paraguai / Kiribati / Uruguai
54%
U Guiné Bissau / Nauru / Palau / Peru / Tuvalu / Vanuatu
45%
S Bahamas / Barbados / Belarus / Camarões / Comores / Emirados Árabes Unidos / Filipinas / Honduras / Laos / Maldivas / Marrocos / Países Baixos / São Cristóvão e Neves / São Vicente e Granadinas / Seychelles
44%
R Qatar / Equador / Madagascar / Myanmar / Niger / El Salvador
33%
N Bahrein / Taiwan / Iemen / Liechtenstein
27%
T Kuwait
20%
H Bangladesh
19%
M Benim / Costa do Marfim
18%
Nenhum quiz correspondente encontrado
Distribuição das Pontuações
Porcentagem de Pessoas com Cada Pontuação
Percentil de Números Respondidos
Sua Pontuação Histórica
Você não jogou esse quiz